000 00816nam a2200265Ia 4500
003 OSt
005 20220918165924.0
006 a|||||r|||| 00| 0
007 ta
008 220917b |||||||| |||| 00| 0 eng d
020 _a8182741995 (hbk)
_c950
024 _a233,906
037 _b2963, 25/02/2008, Bharat Scientific Syndicate
_cTextual
040 _aARTS
_cARTS
_beng
041 _2eng
_aeng
082 _aW:5.44Q7, P7
100 _aSingh S K
_925490
245 0 _aHuman rights in Pakistan
260 _aNew Delhi
_bPentagun Press India
_c2007
300 _axviii,312p.
_ccm.
650 _aPOLITICAL SCIENCE
700 _a Syed M. H. Ed.
_926163
942 _hW:5.44Q7, P7
_cTEXL
_2CC
999 _c131753
_d131753